[Event "Oravska Priehrada op"]
[Site "Oravska Priehrada"]
[Date "2016.08.29"]
[Round "6"]
[White "Jurky, Marian"]
[Black "Stefanides, Karol"]
[Result "0-1"]
[WhiteElo "1381"]
[BlackElo "1539"]
[PlyCount "100"]
[EventDate "2016.08.26"]
[EventType "swiss"]
[EventRounds "7"]
[EventCountry "SVK"]
[SourceTitle "CBM 174 Extra"]
[Source "ChessBase"]
[SourceDate "2016.10.10"]
[SourceVersion "1"]
[SourceVersionDate "2016.10.10"]
[SourceQuality "1"]

1. d4 d5 2. c4 c6 3. e3 Nf6 4. Nc3 e6 5. Nf3 Bd6 6. c5 Be7 7. Bd3 0-0 8. 0-0 a5 9. Re1 b6 10. cxb6 Qxb6 11. Na4 Qa7 12. Qb3 Nbd7 13. a3 Ba6 14. Bxa6 Qxa6 15. Qc2 Rfc8 16. Qe2 c5 17. Qxa6 Rxa6 18. Bd2 Ne4 19. Bc3 Nxc3 20. Nxc3 cxd4 21. exd4 Bf6 22. h3 h6 23. Rad1 Rb6 24. Na4 Rbb8 25. Rc1 g6 26. Ne5 Bxe5 27. dxe5 Kg7 28. Rxc8 Rxc8 29. Nc3 Nb6 30. Re2 g5 31. g4 f6 32. exf6+ Kxf6 33. Na2 Rc4 34. b3 Rc8 35. Kg2 e5 36. f3 d4 37. Kf2 Ke6 38. b4 axb4 39. Nxb4 Nd5 40. Nxd5 Kxd5 41. Rb2 Rc5 42. Ke2 Ra5 43. Ra2 e4 44. fxe4+ Kxe4 45. Kd2 Ra4 46. Ke2 d3+ 47. Kf2 Kd4 48. Kf3 Kc3 49. Ke3 Ra6 50. Rd2 Re6+ 0-1

[Event "SVK-ch op"]
[Site "Banska Stiavnica"]
[Date "2015.07.09"]
[Round "6"]
[White "Kostolansky, Sebastian Lukas"]
[Black "Stefanides, Karol"]
[Result "1/2-1/2"]
[WhiteElo "1711"]
[BlackElo "1612"]
[PlyCount "130"]
[EventDate "2015.07.04"]
[EventType "swiss"]
[EventRounds "9"]
[EventCountry "SVK"]
[SourceTitle "CBM 167 Extra"]
[Source "ChessBase"]
[SourceDate "2015.09.14"]
[SourceVersion "1"]
[SourceVersionDate "2015.09.14"]
[SourceQuality "1"]

1. e4 e5 2. Nf3 Nc6 3. Bb5 a6 4. Ba4 Be7 5. 0-0 b5 6. Bb3 Nf6 7. Re1 d6 8. c3 Na5 9. Bc2 c5 10. d3 0-0 11. Nbd2 Bg4 12. Nf1 Nc6 13. Ng3 Nd7 14. h3 Be6 15. Be3 Re8 16. Qe2 g6 17. Rad1 Bf8 18. a3 Bg7 19. Ng5 Qe7 20. Nxe6 Qxe6 21. Nf1 h6 22. Nd2 Nf6 23. Bb3 Qe7 24. Rf1 Rf8 25. f4 exf4 26. Rxf4 Nd8 27. Rdf1 Ne6 28. R4f3 Nd7 29. Qf2 Ne5 30. Rg3 Nxd3 31. Qe2 Ne5 32. Nf3 Nxf3+ 33. Rgxf3 c4 34. Bc2 Ng5 35. Bxg5 Qxg5 36. Rd1 Qe7 37. Qd2 Rfd8 38. Qd5 Be5 39. Rdf1 Qe6 40. Rxf7 Qxd5 41. exd5 g5 42. Bh7+ Kh8 43. Bf5 Kg8 44. Be6 Kh8 45. Kf2 Rf8 46. Ke2 Rxf7 47. Rxf7 Bf4 48. Kd1 Be3 49. Rc7 Ra7 50. Rxa7 Bxa7 51. Bc8 a5 52. Ba6 b4 53. axb4 axb4 54. cxb4 Kg7 55. Bxc4 Kf6 56. Ke2 Ke5 57. Kf3 h5 58. g3 Bd4 59. b3 Bb6 60. g4 h4 61. b5 Bc5 62. b4 Bb6 63. Bb3 Ba7 64. Bc4 Bb6 65. Bb3 Ba7 1/2-1/2

[Event "SVK-ch op"]
[Site "Banska Stiavnica"]
[Date "2015.07.06"]
[Round "3"]
[White "Kamas, Samuel"]
[Black "Stefanides, Karol"]
[Result "1-0"]
[WhiteElo "1805"]
[BlackElo "1612"]
[PlyCount "103"]
[EventDate "2015.07.04"]
[EventType "swiss"]
[EventRounds "9"]
[EventCountry "SVK"]
[SourceTitle "CBM 167 Extra"]
[Source "ChessBase"]
[SourceDate "2015.09.14"]
[SourceVersion "1"]
[SourceVersionDate "2015.09.14"]
[SourceQuality "1"]

1. e4 e5 2. Nf3 Nc6 3. Bc4 Bc5 4. 0-0 Nf6 5. d3 0-0 6. Bg5 d6 7. h3 Be6 8. Bb3 a5 9. Nc3 Nd4 10. Bd5 c6 11. Bxe6 Nxe6 12. Be3 Bb6 13. d4 exd4 14. Nxd4 Nxd4 15. Bxd4 Bxd4 16. Qxd4 Qc7 17. Rad1 Rad8 18. Rd2 Rd7 19. Rfd1 Rfd8 20. f3 Ne8 21. Na4 f6 22. Qb6 Qxb6+ 23. Nxb6 Rc7 24. Nc4 Rcd7 25. Nxa5 Ra8 26. b4 Rc7 27. c3 c5 28. Nc4 cxb4 29. Nb6 Ra3 30. cxb4 Rc6 31. Nd5 Kf7 32. Rb1 Rca6 33. Rbb2 b5 34. Kf2 Rc6 35. Rdc2 Rxc2+ 36. Rxc2 Ra8 37. Nc3 Rb8 38. Rb2 Ke6 39. a4 bxa4 40. Nxa4 Kd7 41. Ke3 Kc6 42. Nc3 Nc7 43. Kd4 Nb5+ 44. Nxb5 Kxb5 45. Kd5 Rb6 46. Ke6 Rc6 47. Kd7 Ra6 48. h4 h5 49. Ke6 Kc4 50. b5 Rb6 51. Kd7 Kc3 52. Kc7 1-0

[Event "SVK-ch op"]
[Site "Banska Stiavnica"]
[Date "2015.07.05"]
[Round "2"]
[White "Stefanides, Karol"]
[Black "Liska, Jaroslav"]
[Result "0-1"]
[WhiteElo "1612"]
[BlackElo "1885"]
[PlyCount "110"]
[EventDate "2015.07.04"]
[EventType "swiss"]
[EventRounds "9"]
[EventCountry "SVK"]
[SourceTitle "CBM 167 Extra"]
[Source "ChessBase"]
[SourceDate "2015.09.14"]
[SourceVersion "1"]
[SourceVersionDate "2015.09.14"]
[SourceQuality "1"]

1. Nf3 d5 2. d4 Nf6 3. Bg5 h6 4. Bh4 Bf5 5. e3 e6 6. Bd3 Bxd3 7. Qxd3 c6 8. c3 Be7 9. Nbd2 Nbd7 10. e4 Nxe4 11. Bxe7 Qxe7 12. Nxe4 dxe4 13. Qxe4 0-0 14. 0-0 Nb6 15. Qe2 Rad8 16. Rad1 Qf6 17. Qe5 Qg6 18. Rfe1 Rd5 19. Qe4 Qh5 20. Qh4 Qxh4 21. Nxh4 Rfd8 22. Rb1 Na4 23. Kf1 Rb5 24. Nf3 Nxb2 25. Re2 Nc4 26. Rxb5 cxb5 27. Ne5 Rc8 28. Ke1 Nxe5 29. Rxe5 Rxc3 30. Rxb5 b6 31. Rb2 Rc4 32. Rd2 Kf8 33. Ke2 Ke7 34. Kd3 Rc7 35. Rb2 Kd6 36. a4 Kc6 37. h4 h5 38. f4 g6 39. g3 a6 40. Ke4 f6 41. Rc2+ Kb7 42. Rxc7+ Kxc7 43. d5 Kd6 44. dxe6 Kxe6 45. f5+ gxf5+ 46. Kd4 f4 47. gxf4 Kf5 48. Kd5 b5 49. a5 b4 50. Kc4 Kxf4 51. Kxb4 Kg3 52. Kc5 f5 53. Kb6 f4 54. Kxa6 f3 55. Kb6 f2 0-1

[Event "Tatry op"]
[Site "Tatranske Zruby"]
[Date "2012.09.27"]
[Round "6"]
[White "Krmencik, Roman"]
[Black "Stefanides, Karol"]
[Result "1/2-1/2"]
[WhiteElo "1771"]
[BlackElo "1691"]
[PlyCount "142"]
[EventDate "2012.09.23"]
[EventType "swiss"]
[EventRounds "9"]
[EventCountry "SVK"]
[SourceTitle "EXT 2023"]
[Source "ChessBase"]
[SourceDate "2022.10.05"]
[SourceVersion "1"]
[SourceVersionDate "2022.10.05"]
[SourceQuality "1"]

1. Nf3 Nf6 2. c4 c5 3. Nc3 Nc6 4. g3 g6 5. Bg2 Bg7 6. 0-0 0-0 7. d4 cxd4 8. Nxd4 Qb6 9. e3 Nxd4 10. exd4 d6 11. d5 a6 12. Na4 Qd8 13. Qb3 Nd7 14. Be3 Kh8 15. Rac1 Rb8 16. Nb6 Nxb6 17. Bxb6 Qd7 18. Rfe1 Re8 19. Rc2 e5 20. dxe6 Rxe6 21. Rd1 Qe7 22. Be3 b5 23. Bd5 Re5 24. Rcd2 Bh3 25. Bg2 Bxg2 26. Kxg2 Re6 27. cxb5 Qb7+ 28. Kg1 Qxb5 29. Qxb5 axb5 30. b3 Bf8 31. Rd5 Re5 32. Bd4 f6 33. Bxe5 fxe5 34. Rc1 Rb7 35. Rc8 Kg7 36. Ra8 Be7 37. Ra5 b4 38. Rab5 Ra7 39. Rxb4 Rxa2 40. Rb7 Kf7 41. b4 Ke6 42. Ra5 Rb2 43. b5 h6 44. Ra8 Bg5 45. b6 Kd5 46. Rab8 e4 47. h4 Bd2 48. Rf7 e3 49. fxe3 Bxe3+ 50. Kf1 Rxb6 51. Rxb6 Bxb6 52. Rf6 Bd4 53. Rxg6 Be3 54. Ke2 Bc1 55. Kd3 Ke5 56. Rg8 Kf5 57. Kd4 Bb2+ 58. Kd5 Be5 59. g4+ Kf6 60. Rf8+ Kg6 61. Rd8 Bg3 62. Rxd6+ Bxd6 63. Kxd6 Kf6 64. Kd5 Ke7 65. Ke5 Kf7 66. Kf5 Kg7 67. g5 hxg5 68. hxg5 Kf7 69. g6+ Kg7 70. Kg5 Kg8 71. Kh6 Kh8 1/2-1/2

[Event "Martin op"]
[Site "Martin"]
[Date "2011.11.18"]
[Round "4"]
[White "Stefanides, Karol"]
[Black "Liska, Vladimir"]
[Result "1/2-1/2"]
[WhiteElo "1697"]
[BlackElo "1944"]
[PlyCount "107"]
[EventDate "2011.11.16"]
[EventType "swiss"]
[EventRounds "7"]
[EventCountry "SVK"]
[SourceTitle "EXT 2012"]
[Source "ChessBase"]
[SourceDate "2011.11.24"]
[SourceVersion "1"]
[SourceVersionDate "2011.11.24"]
[SourceQuality "1"]

1. Nf3 Nf6 2. g3 c5 3. c4 Nc6 4. Bg2 g6 5. Nc3 Bg7 6. 0-0 0-0 7. e3 e5 8. d4 d6 9. dxe5 dxe5 10. Qe2 Bg4 11. h3 Bd7 12. Bd2 Qc8 13. Kh2 h6 14. Rad1 e4 15. Ng1 Re8 16. f3 exf3 17. Bxf3 Nd4 18. Qf2 Nxf3+ 19. Qxf3 Rf8 20. b3 Bc6 21. Nd5 Nxd5 22. cxd5 Bb5 23. Rfe1 f5 24. Rc1 a5 25. Bc3 Bd3 26. Bxg7 Kxg7 27. Qd1 Be4 28. Qd2 b6 29. Ne2 g5 30. Nc3 Qd7 31. Nxe4 fxe4 32. Rf1 Rad8 33. Rxf8 Rxf8 34. Kg2 Qf5 35. Rd1 Qf3+ 36. Kh2 Qf2+ 37. Qxf2 Rxf2+ 38. Kg1 Rf7 39. d6 Rd7 40. Kf2 Kf6 41. a4 Ke6 42. Ke2 h5 43. Rd5 Rxd6 44. Rxd6+ Kxd6 45. Kd2 Kd5 46. Kd1 Kc6 47. Kc2 Kd6 48. Kd2 Ke5 49. Kc2 Kd6 50. Kd2 Ke6 51. Kc2 g4 52. hxg4 hxg4 53. Kd2 Kd6 54. Kc2 1/2-1/2

[Event "Martin op"]
[Site "Martin"]
[Date "2011.11.17"]
[Round "3"]
[White "Stefanides, Karol"]
[Black "Ferkova, Dominika"]
[Result "1-0"]
[WhiteElo "1697"]
[BlackElo "1555"]
[PlyCount "70"]
[EventDate "2011.11.16"]
[EventType "swiss"]
[EventRounds "7"]
[EventCountry "SVK"]
[SourceTitle "EXT 2012"]
[Source "ChessBase"]
[SourceDate "2011.11.24"]
[SourceVersion "1"]
[SourceVersionDate "2011.11.24"]
[SourceQuality "1"]

1. Nf3 d5 2. d4 c6 3. e3 e6 4. Bd3 Nf6 5. 0-0 Nbd7 6. c4 dxc4 7. Bxc4 b5 8. Bd3 Bb7 9. a3 Nb6 10. b3 a5 11. Bb2 Be7 12. Nc3 0-0 13. Ne4 Nxe4 14. Bxe4 f5 15. Bd3 Bf6 16. Qc2 g6 17. Rfe1 Bg7 18. e4 Re8 19. Rad1 Kh8 20. Ne5 Qc8 21. Nf7+ Kg8 22. Nd6 Qd7 23. Nxe8 Rxe8 24. Qc5 Qd8 25. exf5 Nd7 26. Qc2 exf5 27. Rxe8+ Qxe8 28. a4 b4 29. Qc1 Kh8 30. Re1 Qf7 31. Bc4 Qf8 32. Qe3 h6 33. Qe6 Nb6 34. Qxg6 Nxc4 35. bxc4 b3 1-0

[Event "Liptovsky Mikulas Liptov op 25th"]
[Site "Liptovsky Mikulas"]
[Date "2008.09.01"]
[Round "7"]
[White "Mraz, Martin"]
[Black "Stefanides, Karol"]
[Result "1-0"]
[WhiteElo "1761"]
[BlackElo "1784"]
[PlyCount "107"]
[EventDate "2008.08.28"]
[EventType "swiss"]
[EventRounds "7"]
[EventCountry "SVK"]
[SourceTitle "CBM 126 Extra"]
[Source "ChessBase"]
[SourceDate "2008.11.05"]
[SourceVersion "1"]
[SourceVersionDate "2008.11.05"]
[SourceQuality "1"]

1. e4 d6 2. d4 g6 3. Nc3 Nf6 4. Be3 c6 5. h3 b5 6. a3 a5 7. e5 dxe5 8. dxe5 Qxd1+ 9. Rxd1 Ng8 10. g3 e6 11. Bg2 Ra6 12. Bg5 Be7 13. Ne4 Bd7 14. Nf3 h6 15. Bxe7 Kxe7 16. 0-0 f6 17. Rfe1 Ra7 18. Nc5 Rh7 19. exf6+ Nxf6 20. Nd4 Nd5 21. Ndxe6 Kf7 22. Bxd5 cxd5 23. Rxd5 Bxe6 24. Nxe6 Rh8 25. Rxb5 Nd7 26. Nc5 Nf6 27. Rb7+ Rxb7 28. Nxb7 Rb8 29. Nxa5 Rxb2 30. c4 Ra2 31. Re3 Nd7 32. Nb7 Rb2 33. Nd6+ Kf6 34. Ne4+ Kf7 35. Nd6+ Kf6 36. Ne4+ Kf7 37. Rc3 Re2 38. Nd6+ Ke6 39. c5 Nxc5 40. Rxc5 Kxd6 41. Ra5 Ke7 42. Ra6 Kf7 43. a4 Ra2 44. Kg2 h5 45. h4 Ra3 46. a5 Kg7 47. Ra7+ Kg8 48. a6 Kh8 49. Ra8+ Kg7 50. a7 Kh7 51. Kf1 Ra2 52. Ke1 Kg7 53. Kd1 Kf7 54. Rh8 1-0

[Event "Liptovsky Mikulas Liptov op 25th"]
[Site "Liptovsky Mikulas"]
[Date "2008.08.28"]
[Round "1"]
[White "Vacek, Ondrej"]
[Black "Stefanides, Karol"]
[Result "1-0"]
[WhiteElo "2178"]
[BlackElo "1784"]
[PlyCount "77"]
[EventDate "2008.08.28"]
[EventType "swiss"]
[EventRounds "7"]
[EventCountry "SVK"]
[SourceTitle "CBM 126 Extra"]
[Source "ChessBase"]
[SourceDate "2008.11.05"]
[SourceVersion "1"]
[SourceVersionDate "2008.11.05"]
[SourceQuality "1"]

1. e4 d6 2. d4 g6 3. c4 Bg7 4. Nc3 Nf6 5. Nf3 c6 6. Be2 Bg4 7. 0-0 0-0 8. Be3 Nbd7 9. Ne1 Bxe2 10. Qxe2 Qc7 11. Nd3 e5 12. d5 cxd5 13. cxd5 a6 14. f3 Rac8 15. Rfc1 Qa5 16. a4 h6 17. b4 Qd8 18. a5 Kh7 19. Na4 Rxc1+ 20. Rxc1 Qb8 21. Qc2 Kg8 22. Ndb2 Re8 23. Qc7 Bf8 24. Kf2 Kg7 25. Rc2 Be7 26. Qc3 Kh7 27. Qd2 Bf8 28. Qc1 g5 29. g4 Kg6 30. Kg2 Ng8 31. Nd1 Ne7 32. Nf2 Rc8 33. Nh1 Rxc2+ 34. Qxc2 Qc8 35. Qd3 f6 36. Ng3 Bg7 37. Nb2 Qc7 38. Qc4 Qc8 39. Nf5 1-0

[Event "Liptovsky Mikulas Liptov op 24th"]
[Site "Liptovsky Mikulas"]
[Date "2007.??.??"]
[Round "5"]
[White "Murin, Pavol"]
[Black "Stefanides, Karol"]
[Result "1-0"]
[WhiteElo "2044"]
[BlackElo "1927"]
[PlyCount "51"]
[EventDate "2007.08.??"]
[EventType "swiss"]
[EventRounds "9"]
[EventCountry "SVK"]
[SourceTitle "EXT 2010"]
[Source "ChessBase"]
[SourceDate "2010.11.25"]
[SourceVersion "1"]
[SourceVersionDate "2010.11.25"]
[SourceQuality "1"]

1. d4 Nf6 2. c4 e6 3. Nc3 c6 4. e4 d5 5. e5 Nfd7 6. cxd5 cxd5 7. Nf3 h6 8. Bd3 a6 9. 0-0 b5 10. Bd2 Bb7 11. Rc1 Nb6 12. Ne2 Nc4 13. Rc2 Be7 14. Ng3 Nd7 15. Nh5 Bf8 16. Qc1 Rb8 17. b3 Nxd2 18. Qxd2 g6 19. Nf4 Bg7 20. Nxg6 Rg8 21. Nf4 Nf8 22. Nh5 Ng6 23. Nxg7+ Rxg7 24. Qxh6 Rg8 25. Rfc1 Rh8 26. Qg7 1-0